|
|
|
|
| LEADER |
00000nab a2200000uu 4500 |
| 001 |
vtls011464370 |
| 003 |
SK-MaSNL |
| 005 |
20260303113556.0 |
| 008 |
230121|1972 xo |||||||||||||||||slo| |
| 015 |
|
|
|a SNBRB
|
| 035 |
|
|
|a (urnnbn)urn:nbn:sk:snk:ar-a0auly
|
| 035 |
|
|
|a (uuid)85d7275f-d5ca-46ba-961d-b40ae18c8b98
|
| 035 |
|
|
|a urn:nbn:sk:snk-abcxdl
|
| 040 |
|
|
|a SNKBUCL
|b slo
|c SNKBUCL
|e AACR2
|
| 041 |
0 |
|
|a slo
|
| 044 |
|
|
|a xo
|c SK
|
| 100 |
1 |
|
|a Šefčáková, Eva,
|d 1935-2011
|4 aut
|9 116018
|
| 245 |
1 |
0 |
|a Leopoldo Méndez - dovŕšiteľ klasickej línie mexickej grafiky
|c Eva Šefčáková
|
| 600 |
1 |
7 |
|a Mendéz, Leopoldo,
|d 1902-1969
|2 SNKMA
|9 1127382
|
| 773 |
0 |
|
|t Výtvarný život
|g Roč. 17, č. 4 (1972), s. 20-23
|
| 954 |
|
|
|a odborná, vedecká literatúra pôvodná (slovenská)
|2 lita
|
| 958 |
|
|
|a OND
|
| 958 |
|
|
|a EUIPO
|
| 958 |
|
|
|a article16
|
| 999 |
|
|
|c 1893513
|d 1895443
|